000 00783nam a2200229 i 4500
001 50493
003 ES-MaACL
005 20250830053605.0
007 t|
008 030805s1972 sp ||||1| spa d
100 1 _aCullmann, Oscar,
_d1902-1999
_942150
245 1 0 _aDel Evangelio a la formación de la teología cristiana /
_cOscar Cullmann ; [tradujo Rafael Silva-Costoyas].
260 _aSalamanca :
_bSígueme,
_c1972.
300 _a286 p. ;
_c19 cm.
490 1 _aVerdad e imagen ;
_v31
650 4 _aCristianismo y judaísmo.
_911435
650 0 7 _aTeología bíblica
_2embne
_917465
700 1 _aSilva, Rafael,
_c(profesor de Teología)
_9106383
830 0 _aVerdad e imagen ;
_v31
_9182105
852 _aES-MaACL
_jC-49788
_bR.84414
999 _c50493
_d50493